000 00280nam a2200109Ia 4500
008 200302s9999 xx 000 0 und d
100 _aFrank Russell
245 _aArchitectural Monographs Terry Farrell
260 _bAcademy Editions Group Ltd.
260 _c1984
300 _a120 P.,
999 _c770
_d770